La culture italienne / (Record no. 121244)

MARC details
000 -LEADER
campo de control de longitud fija 00831nam a2200229 i 4500
001 - NÚMERO DE CONTROL
campo de control 121244
003 - IDENTIFICADOR DE NÚMERO DE CONTROL
campo de control ES-MaACL
005 - FECHA Y HORA DE LA ÚLTIMA TRANSACCIÓN
campo de control 20230906191722.0
007 - CAMPO FIJO DE DESCRIPCIÓN FÍSICA--INFORMACIÓN GENERAL
campo de control de longitud fija t|
008 - DATOS DE LONGITUD FIJA--INFORMACIÓN GENERAL
campo de control de longitud fija 070214s1925 fr r ||||1| fre d
100 1# - ENTRADA PRINCIPAL--NOMBRE DE PERSONA
Nombre de persona Prezzolini, Giuseppe (
Fechas asociadas al nombre 1882-1982)
9 (RLIN) 93828
245 13 - MENCIÓN DEL TÍTULO
Título La culture italienne /
Mención de responsabilidad, etc. par Giuseppe Prezzolini ; traduit par Georges Bourgin d'apres un texte remanie par l'auteur ; avant-propos de Benjamin Crémieux.
260 ## - PUBLICACIÓN, DISTRIBUCIÓN, ETC.
Lugar de publicación, distribución, etc. Paris :
Nombre del editor, distribuidor, etc. Librairie Felix Alcan,
Fecha de publicación, distribución, etc. 1925.
300 ## - DESCRIPCIÓN FÍSICA
Extensión IX, 246 p. ;
Dimensiones 19 x 12 cm.
490 1# - MENCIÓN DE SERIE
Mención de serie Bibliotheque d'histoire contemporaine
651 #4 - PUNTO DE ACCESO ADICIONAL DE MATERIA--NOMBRE GEOGRÁFICO
Nombre geográfico Italia-
Subdivisión general Civilización.
9 (RLIN) 162968
700 1# - ENTRADA AGREGADA--NOMBRE PERSONAL
Nombre de persona Bourgin, Georges.
9 (RLIN) 30994
700 1# - ENTRADA AGREGADA--NOMBRE PERSONAL
Nombre de persona Crémieux, Benjamin.
9 (RLIN) 41492
830 0# - PUNTO DE ACCESO ADICIONAL DE SERIE-TÍTULO UNIFORME
Título uniforme Bibliotheque d'histoire contemporaine
9 (RLIN) 180875
852 ## - LOCALIZACIÓN
Ubicación ES-MaACL
Número de control de estantería B-4162
Holdings
Estatus retirado Estado de pérdida Estado de daño No para préstamo Biblioteca de origen Biblioteca actual Ubicación en estantería Fecha de adquisición Fuente de adquisición Total de préstamos Signatura topográfica completa Código de barras Visto por última vez Precio de reemplazo Tipo de ítem Koha
        Biblioteca del Ateneo de Madrid Biblioteca del Ateneo de Madrid Sala Pardo Bazán 17/01/2008     B-4162 1126362 23/02/2023 23/02/2023 Libro impreso